Factors Affecting the Demand of Apicultural Products in the Greek Market (Record no. 8607)
[ view plain ]
| 000 -LEADER | |
|---|---|
| fixed length control field | 01352cam a22001934a 4500 |
| 005 - ΗΜΕΡΟΜΗΝΙΑ ΚΑΙ ΩΡΑ ΤΕΛΕΥΤΑΙΑΣ ΕΝΗΜΕΡΩΣΗΣ | |
| Πεδίο ελέγχου | 20250605164341.0 |
| 008 - FIXED-LENGTH DATA ELEMENTS--GENERAL INFORMATION | |
| Πεδίο ελέγχου σταθερού μήκους | 250528s ||||||||||||||||||||||||d |
| 035 ## - SYSTEM CONTROL NUMBER | |
| System control number | 23607 |
| 040 ## - ΠΗΓΗ ΚΑΤΑΛΟΓΟΓΡΑΦΗΣΗΣ | |
| Φορέας πρωτότυπης καταλογογράφησης | MC Athens Campus Library |
| Γλώσσα καταλογογράφησης | Ελληνικά, Μοντέρνα (1453-) |
| Modifying agency | MC Athens Campus Library |
| Κανόνες περιγραφικής καταλογογράφησης | AACR2 |
| 245 1# - ΤΙΤΛΟΣ ΚΑΙ ΔΗΛΩΣΗ ΥΠΕΥΘΥΝΟΤΗΤΑΣ | |
| Τίτλος | Factors Affecting the Demand of Apicultural Products in the Greek Market |
| 260 ## - PUBLICATION, DISTRIBUTION, ETC. | |
| Date of publication, distribution, etc. | 2016 |
| 300 ## - PHYSICAL DESCRIPTION | |
| Extent | 113 |
| 520 ## - SUMMARY, ETC. | |
| Summary, etc. | Abstract, Acknowledgements, Introduction, Background, Industry Intelligence, Rationale, Thesis Plan, Literature Review, Profiling Segments, Understanding the Consumer Behaviour, Country of Origin Effect, Private Labels, Organic Foods, Research Philosophy and Strategy and Design and Purpose, Methods, Questionnaire, Demographic Data, Profiling Segments of Heavy and Light Users, Identifying Importance of Organic Foods, Consumer's Market in Depth Knowledge, Identifying Potential of Private Labels, Ethical Considerations, Presenting Findings, Demographic Data, Product Awareness, Frequency of Consumption, Monthly Expenditure, Organic Products, Country of Origin Effect, Potential of Private Labels, Conclusions and Recommendations, Contribution, Limitations, Future Research, Personal Reflection, Bibliography, Appendices. |
| 700 1# - ΠΡΟΣΘΕΤΗ ΑΝΑΓΡΑΦΗ--ΦΥΣΙΚΟ ΠΡΟΣΩΠΟ | |
| Personal name | Lyketsos Konstantinos |
| 9 (RLIN) | 9197 |
| 700 1# - ΠΡΟΣΘΕΤΗ ΑΝΑΓΡΑΦΗ--ΦΥΣΙΚΟ ΠΡΟΣΩΠΟ | |
| Personal name | Λουκοπούλου Αποστολία |
| 9 (RLIN) | 9195 |
| 942 ## - ADDED ENTRY ELEMENTS (KOHA) | |
| Koha item type | Διπλωματική εργασία |
| Τύπος τεκμηρίου | Βιβλιοθήκη | Τρέχουσα τοποθεσία | Barcode | Ημερομηνία απόκτησης | Ταξιθετικό σύμβολο | Αριθμός αντιτύπου | Κατάσταση απόσυρσης | Κατάσταση χαμένου | Κατάσταση κατεστραμμένου | Μη δανεισμός | Σύνολο δανεισμών | Ημερομηνία τελευταίας εμφάνισης | Η τιμή ισχύει από |
|---|---|---|---|---|---|---|---|---|---|---|---|---|---|
| Διπλωματική εργασία | MC Athens Campus Library | MC Athens Campus Library | 9780000086068 | 05/06/2025 | BUS 2016 (16) | 1 | 05/06/2025 | 05/06/2025 |